| 000 | 00584nam a2200181Ia 4500 | ||
|---|---|---|---|
| 008 | 220216s9999 xx 000 0 und d | ||
| 100 | _aReddy Y A N | ||
| 245 | 2 | _aA Comparison of dimethyl sulphoxide(DMSO) and acetone extracts for the determination of chlorophyll in Hevea leaf tissue | |
| 260 |
_bIndian Journal of Natural Rubber Researach _c1990 |
||
| 300 | _a131-134 | ||
| 650 | _aDimethyl sulphoxide | ||
| 650 | _aDimethyl sulphoxide | ||
| 650 | _aHevea brasiliensis | ||
| 650 | _aHevea brasiliensis | ||
| 700 | _aChaudhuri D | ||
| 700 | _aKrishnakumar A K | ||
| 942 | _cAR | ||
| 999 |
_c47048 _d47048 |
||